Percy Jackson: Gods and what they rule over - Statistics

General Stats
  • This quiz has been taken 578 times
  • The average score is 11 of 15
Answer Stats
God Answer % Correct
Poseidon Sea
97%
Zeus Sky
97%
Ares War
96%
Hades Underworld
95%
Aphrodite Love
92%
Dionysus Wine
92%
Athena Wisdom
92%
Artemis Hunt
87%
Iris Rainbow
86%
Hecate Magic
73%
Phersephone Spring
55%
Demeter Harvest
51%
Morpheus Dreams
44%
Hermes Messengers
43%
Hephaestus Blacksmiths
31%
No matching quizzes found
Score Distribution
Percent of People with Each Score
Percentile by Number Answered
Your Score History
You have not taken this quiz